Oeuvres complètes / (Record no. 36509)

MARC details
000 -LEADER
campo de control de longitud fija 01290nam a2200229 i 4500
001 - NÚMERO DE CONTROL
campo de control 36509
003 - IDENTIFICADOR DE NÚMERO DE CONTROL
campo de control ES-MaACL
005 - FECHA Y HORA DE LA ÚLTIMA TRANSACCIÓN
campo de control 20251005063036.0
007 - CAMPO FIJO DE DESCRIPCIÓN FÍSICA--INFORMACIÓN GENERAL
campo de control de longitud fija t|
008 - DATOS DE LONGITUD FIJA--INFORMACIÓN GENERAL
campo de control de longitud fija 030218m18581891fr ||||1| fre d
100 1# - ENTRADA PRINCIPAL--NOMBRE DE PERSONA
Nombre de persona Brantôme, Pierre de Bourdeille,
Títulos y otros términos asociados al nombre seigneur de
9 (RLIN) 31369
245 10 - MENCIÓN DEL TÍTULO
Título Oeuvres complètes /
Mención de responsabilidad, etc. de abbe et seigneur de Branthôme, publies pour la première fois selon le plan de l'auteur augmentés de nombreuses variantes et de fragments inedits, mivres des oeuvres d'Cundre de Bourdeilles et d'une table generale ; avec une introduction et des notes par Prosper Mèrimée et Louis Lacour.
260 ## - PUBLICACIÓN, DISTRIBUCIÓN, ETC.
Lugar de publicación, distribución, etc. París :
Nombre del editor, distribuidor, etc. P. Jannet,
Fecha de publicación, distribución, etc. 1858-91.
300 ## - DESCRIPCIÓN FÍSICA
Extensión 11 v. ;
Dimensiones 17 cm.
490 1# - MENCIÓN DE SERIE
Mención de serie Bibliothèque elzévirienne
505 8# - NOTA DE CONTENIDO CON FORMATO
Nota de contenido con formato T.I. 1858 (384 p.) -- T.II. 1858(295 p. ) -- T. III. 1859 (351 p.) -- T. IV. 1870 (368 p.) -- T. V. 1871 (319 p.) -- T. VI. 1878 (312 p.) -- T. VII. 1878 (388 p.) -- T. VIII. 1891 (308 p.) -- T. IX. 1893 (324 p.) -- T.X. 1890 (376 p. ) -- T.XI. 1891 (359 p. )
700 1# - ENTRADA AGREGADA--NOMBRE PERSONAL
Nombre de persona Mérimée, Prosper (
Fechas asociadas al nombre 1803-1870)
9 (RLIN) 80507
700 1# - ENTRADA AGREGADA--NOMBRE PERSONAL
Nombre de persona La Pijardière, Louis Lacour de,
Fechas asociadas al nombre 1832-1892
9 (RLIN) 69399
830 0# - PUNTO DE ACCESO ADICIONAL DE SERIE-TÍTULO UNIFORME
Título uniforme Bibliothèque elzévirienne
9 (RLIN) 180979
852 ## - LOCALIZACIÓN
Ubicación ES-MaACL
Número de control de estantería G-2262-72
Nota libre .- Enc. tela roja con hierros, original
Holdings
Estatus retirado Estado de pérdida Estado de daño No para préstamo Colección Biblioteca de origen Biblioteca actual Ubicación en estantería Fecha de adquisición Fuente de adquisición Total de préstamos Signatura topográfica completa Código de barras Visto por última vez Precio de reemplazo Tipo de ítem Koha
        Libros del s. XIX Biblioteca del Ateneo de Madrid Biblioteca del Ateneo de Madrid Depósito 2 17/01/2008     G-2262-72 1038356 23/02/2023 23/02/2023 Libro impreso antiguo